[Event "HUN-ch"]
[Site "Hungary"]
[Date "1992.??.??"]
[Round "7"]
[White "Chernin, Alexander"]
[Black "Horvath, Jozsef"]
[Result "1-0"]
[WhiteElo "2600"]
[BlackElo "2505"]
[Annotator "Ftacnik,L"]
[PlyCount "71"]
[EventDate "1992.12.??"]
[EventType "tourn"]
[EventRounds "11"]
[EventCountry "HUN"]
[EventCategory "11"]
[SourceTitle "CBM 034"]
[Source "ChessBase"]
[SourceDate "1993.06.01"]
[SourceVersion "1"]
[SourceVersionDate "1993.06.01"]
[SourceQuality "1"]

1. d4 Nf6 2. c4 g6 3. Nf3 Bg7 4. Nc3 d5 5. cxd5 Nxd5 6. e4 Nxc3 7. bxc3 c5 8.
Rb1 O-O 9. Be2 cxd4 10. cxd4 Qa5+ 11. Bd2 Qxa2 12. O-O Bg4 13. Bg5 h6 14. Bh4
$5 (14. Bxe7 Re8) 14... g5 $5 (14... b6 $2 15. h3 Bd7 (15... Bxf3 16. Bxf3 Nd7
17. Bxe7 $16) 16. Ra1 Qe6 17. Qd3 $14) 15. Bg3 Nc6 (15... b6 16. h4 $5) 16. d5
Rad8 $1 (16... Bxf3 17. Bxf3 Nd4 18. Rxb7 Qa3 19. Bg4 $18) 17. Rxb7 e6 18. Bc7
$1 exd5 (18... Rd7 19. Bb5 Rc8 20. d6 $18) 19. Bxd8 dxe4 20. Be7 Re8 $6 (20...
Nxe7 21. Rxe7 (21. Nd4 $5) 21... exf3 22. Bxf3 Bxf3 23. Qxf3 a5 $1 $132) 21.
Bc5 Rd8 22. Qb3 Qxb3 23. Rxb3 Rd5 24. Ba3 exf3 25. Bxf3 Bxf3 26. Rxf3 Nd4 27.
Re3 Nc2 $6 (27... a5 $5) (27... Ne6 {/\ Bd4}) 28. Re8+ Kh7 29. Bf8 $1 Bd4 30.
Re2 $1 Na1 31. Rb1 $1 Ra5 32. g3 Kg6 33. Kg2 Ra6 34. Rd2 Bh8 35. Bc5 Ra4 36.
Rd6+ (36. Rd6+ Kh7 (36... Bf6 37. Rxa1 Rxa1 38. Rxf6+ Kxf6 39. Bd4+ $18) 37.
Rb7) 1-0

[Event "Dortmund op-A"]
[Site "Dortmund"]
[Date "1992.??.??"]
[Round "3"]
[White "Ibragimov, Ildar"]
[Black "Toth, Christian Endre"]
[Result "0-1"]
[WhiteElo "2515"]
[BlackElo "2350"]
[Annotator "Ftacnik,L"]
[PlyCount "76"]
[EventDate "1992.04.??"]
[EventType "swiss"]
[EventRounds "11"]
[EventCountry "GER"]
[SourceTitle "CBM 029"]
[Source "ChessBase"]
[SourceDate "1992.08.01"]
[SourceVersion "1"]
[SourceVersionDate "1992.08.01"]
[SourceQuality "1"]

1. d4 Nf6 2. c4 g6 3. Nc3 d5 4. cxd5 Nxd5 5. e4 Nxc3 6. bxc3 Bg7 7. Be3 c5 8.
Qd2 Qa5 9. Rb1 b6 10. Rb5 Qa4 11. dxc5 {N} (11. Rb3 O-O 12. Bb5 Qa5 13. Ne2 a6
14. Bd3 Nc6 15. d5 Ne5 16. O-O f5 $1 $17 {Portisch,L-Adorjan,A/Hungary ch/1991/
}) 11... O-O $1 (11... Qxe4 $2 12. Be2 $1 $16) 12. Rb4 Qa5 13. Bc4 (13. cxb6
axb6 $17 {Adorjan,A}) 13... Nc6 (13... Bb7 14. cxb6 axb6 15. Bxb6 Qa3 16. Ne2
$16) 14. Rb3 (14. Rb5 Qa4 15. Be2 Ba6 $17) 14... Rd8 15. Qc1 bxc5 (15... Ne5 $2
16. Ra3 $1) 16. Ra3 Qc7 17. f4 (17. Ne2 Ne5 18. Bf4 Bb7 $17) 17... Bb7 18. Be2
(18. Bxc5 $2 Na5 $19) 18... Nb8 (18... e5 $5 19. Bxc5 (19. f5 gxf5 20. exf5 Ne7
$17) 19... exf4 $17) 19. Qc2 (19. Bf3 Nd7 20. Ne2 e5 21. f5 $2 gxf5 22. exf5 e4
23. Bh5 Nf6 $19) 19... Nd7 20. Nf3 e5 $1 21. f5 (21. fxe5 Nxe5 22. O-O Nxf3+
23. Bxf3 Be5 $17) 21... Nf6 22. fxg6 Bxe4 (22... hxg6 23. Ng5 Bh6 24. O-O $132)
23. gxf7+ Qxf7 24. Qc1 Bxf3 (24... Qe7 25. O-O $15) 25. Bxf3 (25. gxf3 $5 Nd5
26. O-O e4 27. fxe4 Qg6+ 28. Kh1 Qxe4+ 29. Bf3 Qxe3 $2 30. Bxd5+ Rxd5 31. Qxe3
$18) 25... e4 26. Be2 Nd5 27. Bc4 (27. Rf1 Qe7 $17) 27... Kh8 28. Ra6 Qh5 29.
O-O (29. Bxd5 Rxd5 30. O-O Rd3 $17) 29... Nxc3 30. Kh1 Rd1 $1 31. Rxd1 Nxd1 32.
Bg1 (32. Bf7 Qe2 33. Bg1 Qxa6 $19) 32... e3 33. Qc2 Re8 34. Re6 (34. Qe2 Nf2+
35. Bxf2 Qxe2 36. Bxe2 exf2 $19) (34. Be2 Nf2+ 35. Bxf2 exf2 $19) 34... Rxe6
35. Bxe6 e2 36. Qd2 Bf6 $1 37. g4 (37. Bc4 Nc3 38. Bf2 Qf5 $19) 37... Qe5 38.
Qd7 Qe4# {Ftacnik,L} 0-1

[Event "Sao Paulo m"]
[Site "Sao Paulo"]
[Date "1992.??.??"]
[Round "5"]
[White "Seirawan, Yasser"]
[Black "Mecking, Henrique"]
[Result "1/2-1/2"]
[WhiteElo "2600"]
[BlackElo "2610"]
[Annotator "Ftacnik,L"]
[PlyCount "59"]
[EventDate "1992.03.??"]
[EventType "match"]
[EventRounds "6"]
[EventCountry "BRA"]
[SourceTitle "CBM 030"]
[Source "ChessBase"]
[SourceDate "1992.10.01"]
[SourceVersion "1"]
[SourceVersionDate "1992.10.01"]
[SourceQuality "1"]

1. d4 Nf6 2. c4 g6 3. Nc3 d5 4. cxd5 Nxd5 5. e4 Nxc3 6. bxc3 Bg7 7. Be3 c5 8.
Nf3 Qa5 9. Qd2 Nc6 10. Rc1 cxd4 11. cxd4 Qxd2+ 12. Kxd2 O-O 13. Bb5 f5 14. exf5
Bxf5 15. Bxc6 bxc6 16. Rxc6 Rfb8 17. Kc3 Rb6 $1 18. Rxb6 (18. Rc7 $2 Rab8 19.
Rc1 (19. Rxa7 $2 Rc8+ 20. Kd2 Rc2+ $19) 19... Ra6 $1 20. Ra1 Ra3+ $17) 18...
axb6 19. Kb2 (19. Ra1 Ra4 $1 $132) 19... Be4 20. a3 e6 21. Rc1 Bf8 22. Rc3 Bd5
23. Bf4 $1 (23. Ne1 b5 24. f3 b4 25. axb4 Bxb4 $17) 23... b5 24. Be5 Be7 (24...
b4 $2 25. axb4 Bxb4 26. Rc7 Ra2+ 27. Kb1 Rxf2 28. Ng5 $14) 25. h4 Rf8 $1 (25...
Kf7 $2 26. Ng5+ Kg8 (26... Bxg5 27. hxg5 Bxg2 28. Rc7+ $16) 27. g3 $14) (25...
Bxf3 26. Rxf3 Bxh4 27. Bf6 $1 Bxf6 28. Rxf6 $16) 26. Rc7 Rf7 27. Rc8+ Rf8 28.
Rc7 Rf7 29. Rc8+ Rf8 30. Rc7 {Ftacnik,L} 1/2-1/2

[Event "URS-ch58"]
[Site "Moscow"]
[Date "1991.??.??"]
[Round "11"]
[White "Sorokin, Maxim"]
[Black "Dvoirys, Semen I"]
[Result "1-0"]
[WhiteElo "2510"]
[BlackElo "2525"]
[Annotator "Ftacnik,L"]
[PlyCount "66"]
[EventDate "1991.11.??"]
[EventType "swiss"]
[EventRounds "11"]
[EventCountry "URS"]
[SourceTitle "URS-ch"]
[Source "ChessBase"]
[SourceDate "1999.07.01"]
[SourceVersion "1"]
[SourceVersionDate "1999.07.01"]
[SourceQuality "1"]

1. d4 Nf6 2. c4 g6 3. Nc3 d5 4. cxd5 Nxd5 5. e4 Nxc3 6. bxc3 Bg7 7. Be3 c5 8.
Qd2 cxd4 9. cxd4 Nc6 10. Rd1 Qa5 11. Qxa5 Nxa5 12. Nf3 (12. Bd3 O-O 13. Ne2 Bd7
14. Rc1 Rfc8 15. Kd2 e6 $10 {Yusupov,A-Gulko,B/Linares/1989/}) 12... O-O 13.
Be2 e6 {N} (13... Bd7 14. Bd2 b6 15. O-O Rfd8 16. Rc1 Bg4 17. d5 Nb7 18. h3
Bxf3 19. Bxf3 Nc5 20. Be3 $14 {Karpov,A-Kasparov,G/New York-Lyon (9)/1990/})
14. O-O b6 (14... Bd7 $5) 15. d5 exd5 16. exd5 Bb7 (16... Bd7 $5 17. d6 Rac8
$132) 17. Bg5 $1 f6 (17... Rfe8 18. Bb5 $16) 18. Bf4 Rad8 19. d6 Rfe8 20. Nd4 (
20. Bb5 Bc6 21. Nd4 Bxb5 22. Nxb5 Rd7 $13) 20... a6 (20... Re4 21. Be3 Rxd6 22.
Nb5 Rxd1 23. Rxd1 $36 Nc6 $2 24. Nd6 Re7 25. Nxb7 Rxb7 26. Bf3 Rc7 27. Rc1 $18)
(20... f5 21. Bb5 Re4 22. Ne2 $1) 21. Rfe1 Bf8 22. Nb3 Re4 (22... Nc6 23. d7
Re7 24. Bc4+ Kg7 25. Rxe7+ Bxe7 26. Bc7 $18) (22... Nxb3 23. Bc4+ $1 Kg7 24.
Rxe8 Rxe8 25. d7 $18) 23. Nxa5 bxa5 24. Bg3 Kg7 (24... Rd7 25. Rb1 Rb4 26. Rxb4
axb4 27. Bc4+ Kg7 28. Be6 $18) 25. Kf1 Ra4 26. Rd2 Rb4 27. Rc1 Bc8 28. Rc7+ Kh6
29. d7 Rb1+ (29... Bb7 30. Rc4 Rxc4 31. Bxc4 Bc6 32. Be6 $18) 30. Bd1 Bb7 31.
Rc4 Rb5 (31... Be7 32. Bc7 $18) 32. Bc7 Rd5 33. Rxd5 Bxd5 {Ftacnik,L} (33...
Bxd5 34. Rh4+ Kg5 35. Bxd8 Kxh4 36. Bxf6+ $18) 1-0

[Event "Passau op 2nd"]
[Site "Passau"]
[Date "1994.??.??"]
[Round "?"]
[White "Ftacnik, Lubomir"]
[Black "Banas, Jan"]
[Result "1-0"]
[WhiteElo "2565"]
[BlackElo "2390"]
[Annotator "Ftacnik,L"]
[PlyCount "87"]
[EventDate "1994.??.??"]
[EventType "swiss"]
[EventRounds "7"]
[EventCountry "GER"]
[SourceTitle "EXT 1999"]
[Source "ChessBase"]
[SourceDate "1998.11.16"]
[SourceVersion "1"]
[SourceVersionDate "1998.11.16"]
[SourceQuality "1"]

1. d4 Nf6 2. c4 g6 3. Nc3 d5 4. cxd5 Nxd5 5. e4 Nxc3 6. bxc3 Bg7 7. Nf3 c5 8.
Rb1 O-O 9. Be2 b6 10. O-O Bb7 (10... Qc7) 11. Qd3 Ba6 12. Qe3 e6 13. Bxa6 (13.
dxc5) 13... Nxa6 14. Rd1 $6 (14. Qe2 Qc8 15. Bg5 $14) 14... Qd7 $1 15. Qe2 Qa4
16. Bg5 Rfe8 $6 (16... h6 17. Be7 (17. Be3 cxd4 18. cxd4 Rac8 19. d5 Rc2 20.
Rd2 Rxd2 21. Nxd2 exd5 22. exd5 Qxa2 $17) 17... Rfe8 18. Bd6 Rad8 19. e5 $13) (
16... cxd4 $1 17. cxd4 Rfc8 18. Rd2 Rc4 $36) 17. Qd2 f6 (17... Rac8 18. d5 $1
Qxe4 19. d6 $16) (17... e5 18. dxe5 Qxe4 19. Qd7 $14) 18. Bh6 Rad8 (18... Bh8
19. e5 $16) (18... Bxh6 $6 19. Qxh6 Qxa2 20. e5 Rf8 21. exf6 Rxf6 22. Ng5 Qxf2+
23. Kh1 $16) 19. Bxg7 Kxg7 20. e5 $1 f5 (20... Rf8 21. exf6+ Rxf6 22. Qe2 $16)
21. Qg5 Qd7 (21... Qxa2 $2 22. Qf6+ Kg8 23. Ng5 Rd7 24. d5 exd5 25. e6 Rg7 26.
Ra1 Qc4 27. Nf7 $18) 22. Qf6+ Kg8 23. h4 (23. Ng5 $2 Nc7 $1 (23... Qe7 $2 24.
Rd3 Nc7 25. Nxh7 Qxh7 26. Rg3 Rd7 (26... Qf7 27. Rxg6+ Kf8 28. Qg5 $18) 27.
Rxg6+ Rg7 28. Rh6 Nd5 29. Qh4 $18) 24. Nf3 $8 (24. Rd3 Nd5 $19) (24. c4 Rf8 $19
)) 23... Qe7 (23... Qg7 $5) 24. Ng5 cxd4 (24... Nc7 25. dxc5 Rxd1+ 26. Rxd1
bxc5 27. Rd6 $16 (27. Qxe7 Rxe7 28. Rd8+ Kg7 29. Rc8 Kh6 $14)) (24... Rd7 25.
h5 $1 Rf8 26. Qxe7 Rxe7 27. h6 $16) 25. Rxd4 Rxd4 (25... Rd5 26. h5 $40) 26.
cxd4 Nc7 (26... Qxf6 27. exf6 Rf8 28. f7+ Kh8 29. Rc1 h6 30. Nxe6 Rxf7 31. d5
$16) 27. h5 $1 gxh5 (27... Qxf6 28. exf6 Rf8 29. Rc1 Nd5 30. f7+ $18) (27...
Nd5 28. Qxe7 Rxe7 29. h6 Nc3 30. Rb2 $16) 28. Qh6 Nd5 29. Rb3 Nf4 (29... Qg7
30. Qxh5 Qg6 31. Qh4 f4 32. Nh3 (32. Rh3 Re7 $13) 32... Rf8 33. Rf3 Qe4 34. Ng5
$16) 30. Nxh7 Ne2+ 31. Kf1 Qxh7 32. Qg5+ (32. Qxh7+ Kxh7 33. Kxe2 Rc8 $13) (32.
Qd2 f4 $5 (32... Nxd4 33. Rg3+ Kf8 34. Qxd4 $40) 33. Qxe2 Rc8 $132) 32... Kh8
$2 (32... Qg7 33. Qxh5 Qxg2+ $1 34. Kxe2 Qe4+ (34... Kf8 35. Qh4 $16) 35. Kf1
Kf8 $1) 33. Rh3 Nf4 (33... Rg8 34. Qf6+ Rg7 35. Kxe2 $16) 34. Qxf4 Rg8 35. Qh4
Rg6 36. Qd8+ (36. Qxh5 Qxh5 37. Rxh5+ Kg7 $16) 36... Kg7 (36... Rg8 37. Qf6+
Rg7 38. Qxe6 $18) 37. d5 $1 Qh6 (37... exd5 38. e6 $1 Qh6 $8 39. Rc3 (39. Re3
Qf4 40. e7 Qc4+ 41. Kg1 $18) 39... Qd2 (39... Rxe6 40. Qd7+ Kf6 41. Qxe6+ Kxe6
42. Rc6+ $18) 40. Qe7+ Kh6 41. Qf8+ Kg5 42. Rg3+ Kf4 43. Qd6+ Ke4 44. Re3+ (44.
f3+ Kd4 45. Rxg6 f4 $132) 44... Kd4 45. Qe5+ Kc4 46. e7 $18) 38. Qc7+ Kg8 39.
dxe6 Rxe6 40. Qc8+ Kf7 41. Qd7+ Kf8 (41... Re7 42. Qxf5+ Kg8 43. Rg3+ Rg7 44.
Rxg7+ Kxg7 45. Qd7+ Kf8 46. Qc8+ Kg7 47. Qc7+ $18) 42. Rc3 Qg6 43. Rc8+ Re8 44.
Rc6 $1 (44. e6 f4 (44... Rxc8 45. e7+ $18) 45. e7+ Kg7 46. Rxe8 Qb1+) 1-0

[Event "Peristeri"]
[Site "Peristeri"]
[Date "1994.??.??"]
[Round "6"]
[White "Atalik, Suat"]
[Black "Chabanon, Jean Luc"]
[Result "1-0"]
[WhiteElo "2535"]
[BlackElo "2475"]
[Annotator "Ftacnik,L"]
[PlyCount "44"]
[EventDate "1994.??.??"]
[EventType "tourn"]
[EventRounds "9"]
[EventCountry "GRE"]
[EventCategory "9"]
[SourceTitle "CBM 046"]
[Source "ChessBase"]
[SourceDate "1995.06.01"]
[SourceVersion "1"]
[SourceVersionDate "1995.06.01"]
[SourceQuality "1"]

1. d4 {Ernst} Nf6 2. c4 g6 3. Nc3 d5 4. cxd5 Nxd5 5. e4 Nxc3 6. bxc3 Bg7 7.
Bb5+ c6 8. Ba4 b5 (8... a5 9. Ne2 b5 10. Bb3 a4 11. Bc2 O-O 12. Ba3 Na6 13. O-O
(13. Rb1 $5 Be6 14. Rb2 Bc4 15. Bd3 Bxd3 16. Qxd3 Qd7 17. O-O Rfd8 18. f4 Rab8
$14 {Grigore,G-Vlad,D/ROM-ch/1994/}) 13... c5 14. Rb1 Rb8 15. dxc5 Qc7 16. Qd3
Rd8 17. Qe3 Be6 18. Bd3 Qd7 19. Nc1 Qc6 20. Be2 Rdc8 21. Rd1 Bf8 22. Rd4 Nxc5
23. Rdb4 Nxe4 24. c4 {Kortschnoj,V-Gulko,B/Beersheba (03)/1993/0.5 (36)}) 9.
Bb3 O-O (9... a5 10. Qf3 (10. Nf3 a4 11. Bc2 O-O 12. O-O Nd7 13. Rb1 Nb6 14.
Bd3 Be6 15. d5 cxd5 16. Rxb5 dxe4 17. Bxe4 Bc4 18. Qxd8 Raxd8 19. Rxb6 Bxf1 20.
Ba3 Bd3 21. Bc6 Rb8 22. Rxb8 Rxb8 23. Bb4 a3 24. h3 {Janocha,W-Pribyl,J/
Pardubice op (08)/1992/0-1 (27)}) 10... O-O 11. Ne2 a4 12. Bc2 e5 13. Ba3 Re8
14. O-O Nd7 15. Rfd1 Nb6 16. Bd3 exd4 17. cxd4 Qh4 18. Rac1 Nc4 19. Bxc4 bxc4
20. e5 Ra6 21. h3 Bf5 22. Rxc4 Be4 23. Qf4 Qxf4 24. Nxf4 {Robatsch,K-Banas,J/
Trnava/1987/1-0 (65)}) 10. Ne2 a5 (10... Bb7 11. O-O c5 12. d5 Nd7 13. Bg5 Nf6
14. f3 Qb6 15. Kh1 Rfd8 16. Rb1 h6 17. Bh4 e6 18. c4 Qc7 19. Nc3 a6 20. cxb5 c4
21. b6 Qe5 22. Ne2 exd5 23. f4 Qh5 24. Bxf6 {Korotylev,A-Svidler,P/St.
Petersburg op (06)/1994/0-1 (32)}) 11. a3 (11. a4 Ra7 12. O-O Na6 13. Be3 Rd7
14. Qc1 b4 15. Rd1 bxc3 16. e5 c2 17. Qxc2 Nb4 18. Qc5 Ba6 19. Ng3 Kh8 20. Ne4
Bd3 21. f3 Bxe4 22. fxe4 e6 23. Rf1 Re8 24. Rad1 {Georgadze,G-Tocchioni,D/
Forli op (04)/1992/1-0 (33)}) (11. O-O Nd7 (11... a4 12. Bc2 Nd7 13. f4 f5 14.
exf5 gxf5 15. Ng3 Nb6 16. Nh5 Bh8 17. Rf3 Nc4 18. Rg3+ Kf7 19. Rh3 Qd5 20. Ng3
Kg8 21. Rh5 e6 22. Rg5+ Bg7 23. Nh5 Ra7 24. Bd3 {Chuchelov,V-Grimm,S/Porz (9)/
1992/1-0 (29)}) 12. Bg5 Nb6 13. a3 Qc7 14. Qd2 c5 15. Bh6 Bxh6 16. Qxh6 Ba6 17.
Nf4 c4 18. Bc2 e5 19. Ne2 b4 20. axb4 axb4 21. f4 exd4 22. f5 Nd7 23. Nxd4 Qe5
24. Nf3 {Kramnik,V-Kasparov,G (1)/Paris Immopar (25') (1)/1992/0.5 (30)}) (11.
O-O {Ernst}) 11... Nd7 12. Bg5 h6 13. Bh4 Qc7 (13... Nb6 {Ernst /\ 14..Qc7,15..
c5}) 14. O-O (14. Bxe7 $6 Re8 15. Bh4 Rxe4) 14... c5 $2 (14... Nb6 $5 $13) (
14... Nb6 {Ernst}) 15. Bxe7 (15. Bd5 Bb7 16. Bxe7 Rfe8 17. Bd6 Qxd6 18. Bxb7
Rab8 19. Bd5 c4 20. Qc1 Nb6 21. Qf4 Qd7 $14) 15... Re8 16. d5 $1 Qe5 (16...
Rxe7 17. d6 $18) 17. d6 Bf6 $2 (17... c4 18. Bc2 Qc5 19. Nd4 $16) 18. f4 $1
Qxe4 19. Bd5 Qe3+ 20. Kh1 Rxe7 (20... Rb8 21. Rf3 Rxe7 22. Rxe3 Rxe3 23. Qd2
$18) 21. dxe7 Ra6 22. Re1 Bh4 $6 (22... Bh4 23. Ng3 $18) (22... Qxe7 23. Nd4
Qf8 24. Nxb5 $18) 1-0

[Event "Pamplona 9192 2nd"]
[Site "Pamplona"]
[Date "1991.??.??"]
[Round "4"]
[White "Chernin, Alexander"]
[Black "Fernandez Garcia, Jose Luis"]
[Result "1-0"]
[WhiteElo "2605"]
[BlackElo "2470"]
[Annotator "Ftacnik,L"]
[PlyCount "67"]
[EventDate "1991.12.??"]
[EventType "tourn"]
[EventRounds "9"]
[EventCountry "ESP"]
[EventCategory "13"]
[SourceTitle "CBM 028"]
[Source "ChessBase"]
[SourceDate "1992.06.01"]
[SourceVersion "1"]
[SourceVersionDate "1992.06.01"]
[SourceQuality "1"]

1. d4 Nf6 2. Nf3 g6 3. c4 Bg7 4. Nc3 d5 5. cxd5 Nxd5 6. e4 Nxc3 7. bxc3 c5 8.
Rb1 O-O 9. Be2 cxd4 10. cxd4 Qa5+ 11. Bd2 Qxa2 12. O-O Bd7 $6 13. Rxb7 Bc6 14.
Rxe7 {N} (14. Rb4 Bxe4 15. Bc4 Qc2 $1 16. Qxc2 Bxc2 17. Bd5 Na6 18. Rb2 Bd3 19.
Bxa8 Bxf1 20. Bb7 Bd3 $15 {Brodskij-Odeev/URS/1991/}) (14. Rc7 Bxe4 15. Bc4 Qa3
16. Ng5 Qd6 $1 17. Bxf7+ {Kakageldyev-Odeev/URS/1991/} Kh8 $1 18. Rc3 Bf5 19.
Qf3 Na6 20. Bd5 Rad8 21. Nf7+ Rxf7 22. Bxf7 Qxd4 23. Be1 Bd3 $17) 14... Qa3 15.
Bg5 h6 16. Qc1 Qb4 17. Qd2 Qa3 18. Bh4 $1 g5 19. Bxg5 hxg5 20. Qxg5 $40 Nd7 (
20... Re8 21. Rxf7 $1 Kxf7 22. Bc4+ Kf8 23. Nh4 Bxe4 24. Qf4+ $18) (20... Qd6
$5) 21. Nh4 $1 Qd6 22. Nf5 (22. e5 Qh6 23. Qg3 $40) 22... Qf6 23. Qg4 Rae8 24.
e5 Qxf5 25. Qxf5 (25. Rxe8 Qc2 (25... Qxg4 26. Rxf8+ Kxf8 27. Bxg4 $16) 26. Re7
$16) 25... Rxe7 26. Rc1 Bd5 27. Rc7 Be6 28. Qg5 Rfe8 29. f4 f6 30. Qh4 Rb8 31.
Bd3 Kf8 32. h3 (32. f5 Nxe5 $132) 32... a5 33. f5 Bd5 34. e6 {Ftacnik,L} (34.
e6 Nb6 35. Rxe7 Kxe7 36. Qg3 Rg8 37. Qc7+ $18) 1-0

[Event "Elenite"]
[Site "Elenite"]
[Date "1994.??.??"]
[Round "3"]
[White "Gurevich, Mikhail"]
[Black "Azmaiparashvili, Zurab"]
[Result "1/2-1/2"]
[WhiteElo "2620"]
[BlackElo "2625"]
[Annotator "Ftacnik,L"]
[PlyCount "106"]
[EventDate "1994.??.??"]
[EventType "tourn"]
[EventRounds "9"]
[EventCountry "BUL"]
[EventCategory "15"]
[SourceTitle "CBM 044"]
[Source "ChessBase"]
[SourceDate "1995.02.01"]
[SourceVersion "1"]
[SourceVersionDate "1995.02.01"]
[SourceQuality "1"]

1. d4 {Gurevich,M} Nf6 2. c4 g6 3. Nc3 d5 4. cxd5 Nxd5 5. e4 Nxc3 6. bxc3 Bg7
7. Qa4+ Qd7 8. Qxd7+ Bxd7 9. Ba3 e5 $5 (9... b6) 10. Nf3 (10. d5 $6 Bf8 $1 {xc5
}) 10... exd4 11. cxd4 Nc6 12. Rc1 O-O-O (12... Nxd4 13. Nxd4 Bxd4 14. Rxc7 Rb8
15. Bd3 $14) 13. d5 Rhe8 $5 14. dxc6 Rxe4+ 15. Be2 (15. Kd1 $2 Bf5+ $1 16. Nd2
(16. Kc2 Rb4+ $19) 16... Red4 $19) 15... Bxc6 16. Bc5 $1 (16. Kf1 Ra4 17. Bc5
Rxa2 $132) 16... Bh6 (16... f5 17. Kf1 $14) (16... Bb2 17. Rb1 (17. Rc2 $2 Ba4
$1 18. Rxb2 (18. Rd2 Bc3 $17) 18... Rd1#) 17... Bc3+ 18. Kf1 $14 (18. Kf1 {
Gurevich,M} Ra4 19. a3 $14)) 17. Be3 (17. Rb1 Rde8 18. Rb2 Bg7 19. Rc2 Ba4 20.
Rd2 Bc3 $17) 17... Bxe3 18. fxe3 Rxe3 19. Kf2 Ra3 20. Rc2 (20. Bc4 Bd5 21. Bxd5
Rxd5 22. Rc2 Rda5 23. Ra1 $13) 20... Be4 21. Rb2 Bd5 22. Ra1 Rd6 23. Nd2 {
/\ Nb1} Rf6+ 24. Kg1 Rf4 25. Rc2 (25. Nb1 Re3 $13) 25... Ra5 26. Nc4 (26. Rac1
{Gurevich,M} Rxa2 27. Rxc7+ Kd8 $132) 26... Rc5 27. Rac1 Re4 (27... b5 $2 28.
Nd6+ $1 cxd6 29. Rxc5+ dxc5 30. Rxc5+ $18) 28. Kf2 Rf4+ 29. Kg1 Re4 30. Bf1 $1
(30. Kf2 Rf4+) 30... Be6 31. a3 a6 32. Rc3 Rd4 33. Be2 Kd7 34. Kf2 b5 $5 35.
Na5 Rxc3 36. Rxc3 Bd5 37. g4 $6 (37. Bf3 Bxf3 38. gxf3 b4 39. axb4 Rxb4 40.
Rd3+ $14) 37... Kd6 (37... Ra4 38. Nb3 Bxb3 39. Rxb3 c5 40. Rh3 $16) 38. Nb3
Bxb3 39. Rxb3 c5 40. Rh3 Rf4+ $1 41. Ke1 (41. Ke3 Ra4 $132) 41... b4 $1 (41...
c4 42. Rxh7 a5 43. Rh8 b4 44. axb4 axb4 45. Rb8 Kc5 46. h4 $14) 42. axb4 cxb4
43. Bxa6 (43. Rxh7 a5 44. Rh8 a4 $132) 43... Rxg4 44. Rxh7 b3 $1 45. Rxf7 Rb4
46. Bd3 b2 47. Bb1 Rc4 48. Ke2 Rc1 49. Rf1 Ke5 50. Bd3 Rxf1 51. Kxf1 Kf4 52.
Kg2 Kg4 53. Bc2 Kh4 1/2-1/2

[Event "Volgograd"]
[Site "Volgograd"]
[Date "1994.??.??"]
[Round "7"]
[White "Volzhin, Alexander"]
[Black "Yandemirov, Valeri"]
[Result "0-1"]
[WhiteElo "2410"]
[BlackElo "2510"]
[Annotator "Ftacnik,L"]
[PlyCount "68"]
[EventDate "1994.??.??"]
[EventType "tourn"]
[EventRounds "13"]
[EventCountry "NED"]
[EventCategory "8"]
[SourceTitle "CBM 041"]
[Source "ChessBase"]
[SourceDate "1994.08.01"]
[SourceVersion "1"]
[SourceVersionDate "1994.08.01"]
[SourceQuality "1"]

1. d4 Nf6 2. c4 g6 3. Nc3 d5 4. cxd5 Nxd5 5. e4 Nxc3 6. bxc3 Bg7 7. Nf3 c5 8.
Rb1 O-O 9. Be2 Nc6 10. d5 Ne5 11. Nxe5 Bxe5 12. Qd2 e6 13. f4 Bg7 14. dxe6 $6
$146 (14. d6) 14... Bxe6 $1 15. O-O (15. Rxb7 Qxd2+ 16. Bxd2 Rfb8 17. Rxb8+
Rxb8 $17) 15... Qxd2 16. Bxd2 Rfd8 17. Rb2 (17. Be3 b6 18. c4 Bd4 19. Kf2 Bxe3+
20. Kxe3 Rd4 21. Rfc1 Re8 $17) 17... Rxd2 $5 18. Rxd2 Bxc3 19. Rc2 Bd4+ 20. Kh1
a6 21. f5 (21. Bc4 Bxc4 22. Rxc4 b5 23. Rc2 f6 24. g3 Re8 $15) 21... gxf5 22.
exf5 Bd5 23. Bf3 Bxf3 24. Rxf3 b5 25. g4 b4 26. Kg2 a5 27. Rd3 a4 28. Rc4 (28.
Rxd4 cxd4 29. Rc4 b3 30. axb3 a3 31. Rc1 d3 32. Kf2 d2 33. Ra1 Rd8 34. Rd1 a2
$19) 28... b3 29. axb3 a3 30. Rcxd4 cxd4 31. Rd1 d3 32. Kf2 d2 33. Ke2 (33. Ra1
Rd8 34. Rd1 a2 35. Ke2 Re8+ 36. Kf2 Re1 $19) 33... Re8+ 34. Kf2 a2 0-1

[Event "Dortmund"]
[Site "Dortmund"]
[Date "1994.??.??"]
[Round "9"]
[White "Epishin, Vladimir"]
[Black "Timman, Jan H"]
[Result "1-0"]
[WhiteElo "2650"]
[BlackElo "2620"]
[Annotator "Ftacnik,L"]
[PlyCount "65"]
[EventDate "1994.07.??"]
[EventType "tourn"]
[EventRounds "9"]
[EventCountry "GER"]
[EventCategory "16"]
[SourceTitle "CBM 042"]
[Source "ChessBase"]
[SourceDate "1994.10.01"]
[SourceVersion "1"]
[SourceVersionDate "1994.10.01"]
[SourceQuality "1"]

1. d4 Nf6 2. c4 g6 3. Nc3 d5 4. cxd5 Nxd5 5. e4 Nxc3 6. bxc3 Bg7 7. Be3 c5 8.
Qd2 Qa5 9. Rb1 a6 10. Rc1 O-O $2 (10... cxd4 $142 11. cxd4 Qxd2+ 12. Kxd2) 11.
d5 Nd7 12. Nf3 b5 13. Bd3 c4 14. Bb1 e5 15. dxe6 $1 fxe6 16. h4 Ne5 (16... Rd8
17. Bg5 Nf6 18. Qe2 $16) 17. Nxe5 Bxe5 18. h5 Qd8 (18... Rd8 19. Qe2 Bxc3+ 20.
Kf1 Bd2 21. hxg6 Bxc1 22. Bxc1 $40) 19. hxg6 (19. Qxd8 Rxd8 20. hxg6 hxg6 21.
f4 Bg7 22. e5 g5 $1 23. Be4 gxf4 24. Bb6 Bd7 25. Bxd8 Rxd8 26. Rd1 Bxe5 27. Bc6
Bxc3+ 28. Kf2 Bxc6 29. Rxd8+ Kg7 $13) 19... Qxd2+ 20. Kxd2 hxg6 21. Rh6 Kf7 22.
Rh7+ Kg8 23. Rch1 Rd8+ 24. Bd4 (24. Ke2 $1 Bd7 (24... Bxc3 25. e5 Bxe5 26. Be4
Rb8 27. Ba7 $16) (24... Rd7 25. R7h6 Kf7 26. R1h4 $16) 25. Bd4) 24... Rxd4+ 25.
cxd4 Bxd4 26. f4 Bg7 27. e5 g5 28. R7h5 $6 (28. g3 Ra7 29. R7h5 $16) 28... gxf4
29. Bh7+ Kf8 $2 (29... Kf7 30. R1h4 Ra7 31. Rxf4+ Ke7 $16) 30. Be4 Rb8 (30...
Ra7 31. Rh8+ $1 Ke7 (31... Bxh8 32. Rxh8+ Kg7 33. Rh7+ Kg8 34. Rxa7 $18) 32.
Rxc8 $18) 31. R1h4 Ke8 32. Rg4 Bf8 33. Rh8 $1 (33. Rh8 $1 Bd7 34. Rg7 $18) 1-0